Loading...
| Literature - British | 0 | 4 | 0 | 1 | 40 | 54 | 77.75 | 1 | 3 | 8.54 | 15.00 |
| Literature - World | 0 | 4 | 0 | 0 | 40 | 63 | 86.75 | 0 | 2 | 9.30 | 21.79 |
| History - Other | 0 | 2 | 0 | 2 | 20 | 102 | 105.50 | 1 | 1 | 0.09 | 3.93 |
| Religion | 0 | 2 | 0 | 0 | 20 | 83 | 110.00 | 0 | 0 | 1.94 | 4.11 |
| Social Science | 0 | 2 | 0 | 0 | 20 | 77 | 83.50 | 0 | 0 | 4.22 | 9.38 |
| Literature - American | 0 | 2 | 0 | 0 | 20 | 63 | 83.50 | 0 | 0 | 11.84 | 20.00 |
| Science - Biology | 0 | 2 | 0 | 1 | 20 | 49 | 71.00 | 0 | 1 | 5.46 | 6.25 |
| Fine Arts - Other | 0 | 1 | 0 | 0 | 10 | 25 | 25.00 | 0 | 1 | 7.81 | 7.50 |
| Fine Arts - Painting and Sculpture | 0 | 1 | 0 | 0 | 10 | 83 | 83.00 | 0 | 0 | 2.78 | 3.75 |
| Literature - European | 0 | 1 | 0 | 1 | 10 | 113 | 113.00 | 0 | 0 | 0.00 | 1.25 |
| Philosophy | 0 | 1 | 0 | 0 | 10 | 110 | 110.00 | 0 | 0 | 0.00 | 4.69 |
| Popular Culture | 0 | 1 | 0 | 1 | 10 | 48 | 48.00 | 0 | 0 | 11.27 | 10.00 |
| Science - Chemistry | 0 | 1 | 0 | 1 | 10 | 104 | 104.00 | 0 | 0 | 0.00 | 1.25 |
| Science - Other | 0 | 1 | 0 | 0 | 10 | 95 | 95.00 | 0 | 1 | 1.36 | 7.50 |
| Mythology | 0 | 1 | 1 | 0 | 5 | 60 | 60.00 | 0 | 0 | 4.50 | 2.50 |
| History - European | 0 | 0 | 1 | 0 | -5 | 0.00 | 0 | 0 | 0.00 | 0.00 | |
| Science - Physics | 0 | 0 | 1 | 0 | -5 | 0.00 | 0 | 0 | 0.00 | 0.00 |